Electronic instruments and measurements

Kaydedildi:
Detaylı Bibliyografya
Asıl Yazarlar: Jones, Larry D (Yazar), Chin, A. Foster (Yazar)
Materyal Türü: Kitap
Dil:İngilizce
Baskı/Yayın Bilgisi: Nueva York John Wiley 1983
Konular:
Etiketler: Etiketle
Etiket eklenmemiş, İlk siz ekleyin!

MARC

LEADER 00000nam a2200000 a 4500
001 UCU5535
003 CL-VaPUC
008 960604e19830000US |||||||||||||||||eng|d
082 0 4 |a 621.381  |b JON  |2 21 
100 0 |a Jones, Larry D  |e author  |9 363528 
700 0 |a Chin, A. Foster  |e author  |9 363529 
245 1 0 |a Electronic instruments and measurements 
300 |a 498 p 
942 |c BK 
945 |d 19960604 00:00:00  |a cmena 
260 |a Nueva York  |b John Wiley  |c 1983 
650 7 |a INSTRUMENTOS DE MEDIDAS ELECTRICAS  |2 CL-VaPUC  |9 356874 
650 0 |a Energía eléctrica  |9 256678 
650 7 |a TECNOLOGIA ELECTRICA  |2 CL-VaPUC  |9 336952 
650 7 |a TECNOLOGIA DE LA INSTRUMENTACION  |2 CL-VaPUC  |9 358374 
650 7 |a CORRIENTES CONTINUAS  |2 CL-VaPUC  |9 324433 
650 7 |a CORRIENTES ALTERNAS  |2 CL-VaPUC  |9 263344 
650 0 |a Voltímetros   |9 363484 
650 7 |a OSCILOSCOPIOS  |2 CL-VaPUC  |9 353631 
650 0 |a Ondas sonoras  |9 322250 
650 7 |a ENSAYOS DE LABORATORIO  |2 CL-VaPUC  |9 262663 
583 |a last modification  |c 19960604 00:00:00  |k Rodrigo Vera 
999 |c 248845  |d 248843 
952 |0 0  |1 0  |4 0  |6 621_381000000000000_JON_1983  |7 0  |8 A  |9 265741  |a BIBING  |b BIBING  |d 2019-11-19  |i 1679198  |o 621.381 JON 1983  |p 1679198  |r 2025-01-20  |w 2019-11-19  |y BK  |k EIE